000 04349cam a22006614i 4500
003 PE-LiUPU
005 20250731172814.0
008 150617s1939 ag a r 000 0 spa d
035 _a(Sirsi) a13751
040 _aPE-LiUPU
_bspa
_cPE-LiUPU
_erda
049 _aPRUA
082 0 4 _a224
_bC81
_221
082 0 4 _a224
_bC81 1936
100 1 _aCottrell, Roy Franklin,
_eautor.
245 1 3 _aEl amanecer de un nuevo día /
_cRoy Franklin Cottrell.
264 1 _aArgentina :
_bCasa Editora Sudamericana,
_c1939.
300 _a320 páginas :
_bilustraciones ;
_c22 centímetros.
336 _atext
_2rdacontent
337 _aunmediated
_2rdamedia
338 _avolume
_2rdacarrier
505 0 _aLa antorcha del genio moderno -- Maravillas de la ciencia y la invención -- Fortunas fabulosas -- Miseria extrema -- Bajo el disfraz social -- La paloma de la paz y los nubarrones de guerra -- Razas inquietas se amotinan -- Un sueño de imperio -- La voz de la naturaleza -- Un peligro inminente -- Buenas nuevas a todo el mundo -- La hora suprema del mundo -- El peor enemigo del hombre -- El milenario venidero -- Un drama magistral -- La televisión divina bosqueja el futuro -- El mundo ante el tribunal -- La majestad de la ley de Dios -- El fin de una semana perfecta -- Cuatro símbolos de las grandes naciones de la historia -- Monumentos rivales -- Ante el altar de una mentira popular -- La nueva palestina -- La hora undécima -- El nuevo día.
526 _aSEG42
526 _aSEG41
526 _aSEG40
526 _aSEG39
526 _aP94
526 _aP87
526 _aP86
526 _aP85
526 _aP77
526 _aP76
526 _aP35
650 1 4 _aFin del mundo.
650 2 4 _aEscatología.
_95923
910 _ajck
_bjvq
_cjck
_d20150616
910 _btqv
_cwelc
_d20171227
910 _agavs
_d20181106
942 _2ddc
_cBOOK
949 _a224 C81
_wDEWEY
_c1
_i14473
_lCCODEBUL1
_mBUL
_p30.00
_r0
_sY
_tBOOK
_u19760414
_xTEOLOGIA
_PP35
_0COMPRA
_o.STAFF. Colección Teología
949 _a224 C81
_wDEWEY
_c2
_i02504
_lCCODEBUL1
_mBUL
_p30.00
_r0
_sY
_tBOOK
_u19760414
_xTEOLOGIA
_PP35
_0COMPRA
_o.STAFF. Colección Teología
949 _a224 C81
_wDEWEY
_c3
_i07271
_lCCODEBUL1
_mBUL
_p30.00
_r0
_sY
_tBOOK
_u19760414
_xTEOLOGIA
_PP35
_0COMPRA
_o.STAFF. Colección Colección Teología
949 _a224 C81
_wDEWEY
_c4
_i00935
_lCCODEBUL1
_mBUL
_p30.00
_r0
_sY
_tBOOK
_u19760414
_xTEOLOGIA
_PP35
_0COMPRA
_o.STAFF. Colección Teología
949 _a224 C81 1936
_wDEWEY
_c1
_iFJ09819
_lCCODEBUJ1
_mBUJ
_p15.00
_r0
_sY
_tBOOK
_u2017-12-27
_xBIBLIOTECA
_zUNKNOWN
_0DONACION
_o.STAFF. Colección General Juliaca
949 _a224 C81 1936
_wDEWEY
_c2
_iFJ09820
_lCCODEBUJ1
_mBUJ
_p15.00
_r0
_sY
_tBOOK
_u2017-12-27
_xBIBLIOTECA
_zUNKNOWN
_0DONACION
_o.STAFF. Colección General Juliaca
949 _a224 C81 1936
_wDEWEY
_c1
_iFT00064
_lCCODEBUT1
_mBUT
_p{dolar}30.00
_r0
_sY
_tBOOK
_u2018-11-06
_xCRAI
_zOTRO
_0DONACION
_o.STAFF. Colección General Tarapoto
994 _aC0
_bPEPRU
596 _a1 2 3 4
999 _a224 C81
_wDEWEY
_c4153
_i14473
_f2021-11-11
_g5
_lCCODEBUL1
_mBUL
_p30.00
_r0
_sY
_tBOOK
_u2015-6-17
_xTEOLOGIA
_PP35
_0COMPRA
_o.STAFF. Colección Teología
_d4153
999 _a224 C81
_wDEWEY
_c3
_i07271
_f2021-11-11
_g5
_lCCODEBUL1
_mBUL
_p30.00
_r0
_sY
_tBOOK
_u2015-6-17
_xTEOLOGIA
_PP35
_0COMPRA
_o.STAFF. Colección Teología
999 _a224 C81
_wDEWEY
_c4
_i00935
_lILL
_mBUL
_p30.00
_r0
_sY
_tBOOK
_u2015-6-17
_xTEOLOGIA
_PP35
_0COMPRA
_o.STAFF. Colección Teología
999 _a224 C81 1936
_wDEWEY
_c1
_iFJ09819
_f2022-2-3
_g4
_lCCODEBUJ1
_mBUJ
_p15.00
_r0
_sY
_tBOOK
_u2017-12-27
_xBIBLIOTECA
_zUNKNOWN
_0DONACION
_o.STAFF. Colección General Juliaca
999 _a224 C81 1936
_wDEWEY
_c2
_iFJ09820
_f2022-2-3
_g4
_lCCODEBUJ1
_mBUJ
_p15.00
_r0
_sY
_tBOOK
_u2017-12-27
_xBIBLIOTECA
_zUNKNOWN
_0DONACION
_o.STAFF. Colección General Juliaca
999 _a224 C81 1940
_wDEWEY
_c1
_iFT00064
_f2019-2-20
_g1
_lCCODEBUT1
_mBUT
_p30.00
_r0
_sY
_tBOOK
_u2018-11-6
_xBIBLIOTECA
_zUNKNOWN
_0DONACION
_1FCOMPR2
_o.STAFF. Colección General Tarapoto
999 _a224 C81
_wDEWEY
_c1
_i02504
_f2019-12-10
_g2
_lCCODECWL1
_mBWL
_p30.00
_r1
_sY
_tBOOK
_u2015-6-17
_xTEOLOGIA
_PP35
_0COMPRA
_o.STAFF. Colección Teología
980 _81
_gALBERTO SANCHEZ Responsable de Automatización